000 00518nam a2200169 a 4500
001 3748
005 20140414132005.0
008 061010s19uu xx 00 eng d
020 _a1-8651-5754-6
050 _aTR
_bD54 2004
245 _aDisney princess CD storybook :
_bincludes 4 stories.
260 _aDingley, VIC :
_bHinkler Books,
_c2004.
300 _a127 p. : ill. ; cm.
500 _aincludes CD--Beauty and the Beast--The Little Mermaid--Cinderella--Snow White
650 _aFairy tales.
999 _c113161
_d113161